000
00307 a2200109 4500
001
ART_30495
005
20260410162003.0
008
260409a
245
1
0
_a
El poder político y el Estado
100
1
_a
Chantebout, Bernard
773
0
_t
Foro político
_g
- Vol. XIX (abr. 1997)
_w
REV30389
999
_c
31467
_d
31467